| 000 | 01427nam a22002537a 4500 | ||
|---|---|---|---|
| 003 | Uzh_bibl | ||
| 008 | 260417b |||||||| |||| 00| 0 ukr d | ||
| 020 |
_a966-500-106-Х _c2.00 |
||
| 040 | _aукр. | ||
| 041 |
_2ukr _aukr |
||
| 080 | _a821(477) | ||
| 090 |
_a821(477) _bП 12 |
||
| 100 | _aПавличко, Дмитро | ||
| 245 |
_aЗолоте ябко _hТекст |
||
| 260 |
_aКиїв _bОснови _c1998 |
||
| 300 | _a207 с. | ||
| 520 | _aЗбірка «Золоте ябко» вважається вагомою книгою у творчості поета, що досліджує глибинні людські почуття, поєднуючи еротизм із філософським роздумами. Деякі з віршів завдяки музиці О. Білаша стали піснями. | ||
| 521 | _aДля широкого кола читачів | ||
| 546 | _aукр. | ||
| 650 |
_aЛітературно-художне видання _zВ Україні (часто узагальнено, як образ Батьківщини) _yСучасність поета (кінець ХХ ст.) історичне минуле |
||
| 653 |
_aУкраїна _aЛюбов _aПравда _aСвобода _aПам’ять |
||
| 655 |
_aЛірика (поезія) філософська, громадянська, інтимна лірика _vПоезії |
||
| 942 |
_2udc _cBK |
||
| 999 |
_c17372 _d17372 |
||